00489nam a2200157Ia 45000030006000000080041000060400015000471000026000622450040000882600032001285460012001609420012001729990015001840050017001999520115002160STCL150530s9999 xx 000 0 und d aSTCLcSTCL aReserve Bank of India aReserve Bank of India annual report bReserve Bank of Indiac1965 aEnglish 2ddccBK c9656d965620220125165532.0 00102ddc4070aSTCALbSTCALcGENd2015-05-30g1.00l0o332.1-194p12350r2015-05-30 00:00:00w2015-05-30yBK